Estatísticas para Países Sequenciais Aleatórios no Mapa da Ásia

Clique aqui para jogar o quiz

Estatísticas Gerais

  • Esse quiz foi jogado 7 483 vezes
    (5 917 desde o último reset)
  • A pontuação média é 34 de 48

Respostas no mapa

Respostas codificadas por cores de uma escala verde-vermelha no mapa do quiz de acordo com a % correta abaixo.
 

Estatísticas das Respostas

País% Correto
China
75%
Índia
74%
Indonésia
74%
Japão
74%
Mongólia
74%
Cazaquistão
73%
Coreia do Norte
73%
Coreia do Sul
73%
Arábia Saudita
72%
Filipinas
72%
Irão
72%
Laos
72%
Nepal
72%
Sri Lanka
72%
Tailândia
72%
Taiwan
72%
Turquia
72%
Birmânia
71%
Butão
71%
Chipre
71%
Iémen
71%
Israel
71%
Malásia
71%
Maldivas
71%
Omã
71%
Paquistão
71%
Vietname
71%
Afeganistão
70%
Camboja
70%
Catar
70%
Emirados Árabes Unidos
70%
Iraque
70%
Jordânia
70%
Timor-Leste
70%
Bangladesh
69%
Geórgia
69%
Kuweit
69%
Singapura
69%
Síria
69%
Tajiquistão
69%
Turquemenistão
69%
Uzbequistão
69%
Armênia
68%
Azerbaijão
68%
Bahrein
68%
Brunei
68%
Líbano
68%
Quirguistão
68%

Distribuição das Pontuações

Percentil de Números Respondidos

Porcentagem de Pessoas com Cada Pontuação

Sua Pontuação Histórica

Você não jogou esse quiz desde o último reset